000 00333nam a2200121 a 4500
005 20141022142002.0
008 081002s19uu xx 00 eng d
050 _aAVM
245 _aWar of the century: when hitler fought stalin; learning to win vengeance.
650 _aVCD.
650 _aLearning to win vengeance.
942 _cAVM
999 _c276333
_d276333